World Countries by Clue #1 - Statistics

General Stats
  • This quiz has been taken 50 times
  • The average score is 18 of 22
Answer Stats
Clue Country % Correct
Most of its citizens live in the European part, while the rest is just Siberia Russia
100%
Provinces include Nunavut, Saskatchewan, Alberta, etc. Canada
95%
Pasta, pizza, and a country shaped like a boot Italy
95%
A canal was built here to connect the Atlantic and Pacific Oceans Panama
95%
Machu Picchu is its main attraction Peru
95%
Sometimes nicknamed "the teardrop of India" Sri Lanka
95%
Known for exceptional cheese and chocolate, though it offers much more than that Switzerland
93%
Wedged between Spain and France in the Pyrenees Mountains Andorra
90%
"Land of the free, home of the brave" quotes its national anthem United States
90%
Owns the territory of Easter Island, home to peculiar statues of giant faces Chile
88%
Home of the great ancient civilizations of Babylon, Sumer, and Assyria Iraq
88%
Where the famed cultural celebration Dia de los Muertos takes place Mexico
88%
Island nation where 92% of its mammals are native to nowhere else on Earth Madagascar
86%
Formerly the Byzantine and Ottoman Empires Turkey
86%
It was the USA's main enemy in the 1770s and their main ally in the early 1900s United Kingdom
83%
Where the "Lord of the Rings" trilogy was entirely filmed New Zealand
81%
Created as a refuge for Jews after World War II Israel
79%
Unquestionably the world's largest archipelago Indonesia
71%
Famous for creating the "Toy of the Century" Denmark
62%
A historic nation home to the tallest building in the world for nearly 4,000 years Egypt
62%
Had the world's tallest building ... until 1930 France
62%
One of its main features is a building that has been under construction for 100 years - and still is Spain
60%
No matching quizzes found
Score Distribution
Percent of People with Each Score
Percentile by Number Answered
Your Score History
You have not taken this quiz